000 01540nam a2200265Ia 4500
003 Ost
005 20260507075029.0
008 260507s9999||||xx |||||||||||||| ||und||
020 _a856400995
040 _cfsecg
041 _aara
082 _a330
100 _aآل علي، رضا صاحب أبو حمد
_eمؤلف
245 0 _aوظائف المنظمة المعاصرة :
_bنظرة بانورامية عامة /
_c رضا صاحب أبو حمد آل علي
260 _aعمان:
_bمؤسسة الوراق للنشر والتوزيع,
_c2001
300 _a520 صفحة؛
_bإيضاحات ؛
_c24 سم
490 _aالمكتبة الإدارية المعاصرة
_v3
504 _aببلوغرفيا ص.505
520 _aماهية الإدارة وعلاقتها بالعلوم الأخرى، تطور الفكر الإداري، إدارة الشراء والتخزين، إدارة الإنتاج، ظروف العمل وأثرها على الإنتاجية، الصيانة والمشاريع الصناعية، إدارة الجودة الشاملة، إدارة التسويق، إدارة الأفراد، الترفيع والترقية والنقل وانضباط العاملين، نظم المعلومات الإدارية، الإدارة الإستراتيجية، المدير وإدارة الوقت
653 _aإدارة وتنظيم
653 _aالإدارة العامة
653 _aالوظائف
700 _aالموسوي، سنان كاظم
_eمؤلف ثانوي
942 _cكتاب
999 _c42376
_d42376